| 000 | 01631nam a2200277Ia 4500 | ||
|---|---|---|---|
| 999 |
_c52662 _d52662 |
||
| 001 | 19686 | ||
| 003 | GE_BSU | ||
| 005 | 20200325193220.0 | ||
| 008 | 181216s1974||||ge |||||||||||||| ||geo|| | ||
| 040 | _cGE_BSU | ||
| 041 | _ageo | ||
| 080 | _a811.353.1 ქ-27 | ||
| 245 |
_aქართველურ ენათა სტრუქტურის საკითხები = Вопросы структуры картвельских языков : ტ. 4 : _b[კრებული] / _cსარედ. კოლ. : ა. კიზირია, ა. მარტისოვი, ვლ. ფანჩვიძე(რედ.). |
||
| 264 |
_aთბილისი : _bმეცნიერება, _c1974. |
||
| 300 | _a239 გვ; 1ფ.პორტ.26სმ. | ||
| 500 | _aეძღვნება საქ. სსრ მეცნიერებათა აკადემიის აკადემიკოსის ვარლამ თოფურიას ხსოვნას. | ||
| 520 | _aზოგიერთი სტატიის შემდეგ რეიუმე რუსულ ენაზე | ||
| 541 | _h4ლ. | ||
| 653 | _aქართველური ენები | ||
| 653 | _aქართველი ენათმეცნიერები | ||
| 653 | _aქართული ენა | ||
| 700 |
_aფანჩვიძე, ვლ. _eრედაქტორი _97792 |
||
| 710 |
_aსაქ. სსრ მეცნ. აკადემია _97793 |
||
| 710 |
_a ენათმეცნიერების ინსტიტუტი _97794 |
||
| 942 |
_cBK _2udc |
||